000 00769nam a2200193 i 4500
001 166184
003 ES-MaACL
005 20230906213259.0
008 990703s1871 fr |||| | fre d
040 _aAR
_bspa
_cAR
100 1 _aTestut, Oscar.
_9133196
245 1 3 _aL'internationale
_b: son origine, son but, son caractère, ses principes, ses tendances, son organisation ... : tableau de la situation actuelle de l'internationale en France, en Europe et en Amérique /
_cOscar Testut.
250 _aSeptième édition.
260 _aParis :
_bE. Lachaud ;
_aVersailles :
_bSubercaze,
_c1871.
300 _aXV, 288 p. ;
_c18 cm.
500 _aAntep.
650 4 _aAsociaciones de trabajadores-
_zEuropa.
_9135642
852 _aES-MaACL
_jG-10329
_z-- Enc. hol.
999 _c166184
_d166184